000 00528nam a2200193 a 4500
001 1770285652950
003 YourLibrary
005 20260205153743.0
008 260205s2008##################000#0#eng##
020 _a9780446538312
082 0 4 _a333.33MCE
100 1 _aMcElroy, Ken,
_eauthor.
245 1 0 _aRich Dad's Advisors: The ABC's of Property Management :
260 _bBusiness Plus,
_c2008.
300 _a176 pages
650 0 _aBusiness & Economics.
942 _cENGLISH
040 _aYourLibrary
_beng
_cYourLibrary
999 _c610482
_d610482